000
00279nam a22001217a 4500
040
_c
SY
082
_a
634
100
_a
VON MONIN; វន មុិនិន្ទ
245
_a
រុក្ខវប្បកម្ម
260
_a
RUA
_b
VON
_c
2015
300
_a
131p.
942
_c
KB
999
_c
9137
_d
9137